000 03688cam a22004697i 4500
001 18070753
003 USPCAS-E
005 20180118181413.0
008 140318t20132013gw a b 001 0 eng d
010 _a 2013372027
015 _aGBB337838
_2bnb
016 7 _a016317744
_2Uk
020 _a9783527331796 (print)
020 _a3527331794 (print)
020 _z9783527654895 (ePDF)
020 _z9783527654888 (ePub)
020 _z9783527654871 (mobi)
020 _z9783527654864 (oBook)
035 _a(OCoLC)ocn858822302
040 _aUKMGB
_beng
_cUKMGB
_erda
_dOCLCO
_dYDXCP
_dBDX
_dHEBIS
_dIXA
_dDLC
042 _alccopycat
050 0 0 _aQD181.O1
_bF86 2013
082 0 4 _a546.3
_223
_bFUN 2013
245 0 0 _aFunctional metal oxides :
_bnew science and novel applications /
_cedited by Satishchandra B. Ogale, Thirumalai V. Venkatesan, and Mark G. Blamire.
260 _aWeinheim
_bWiley-VCH
_c2013
300 _axxiii, 474 pages :
_billustrations (some color) ;
_c24 cm
500 _aEdition statement from running title.
502 _a0
504 _aIncludes bibliographical references and index.
505 0 _aMagnetic Oxides. Introduction to Magnetic Oxides / J M D Coey, M Venkatesan, Hongjun Xu -- Magnetic/Multifunctional Double Perovskite Oxide Thin Films / Prahallad Padhan, Arunava Gupta -- Dopants, Defects and Ferromagnetism in Metal Oxides. Magnetic Oxide Semiconductors: On the High-Temperature Ferromagnetism in TiO- and ZnO-Based Compounds / Tomoteru Fukumura, Masashi Kawasaki -- Effect of Ta Alloying on the Optical, Electronic, and Magnetic Properties of TiO Thin Films / S Dhar, A Roy Barman, A Rusydi, K Gopinadhan, Ariando, Y P Feng, M B H Breese, Hans Hilgenkamp, T Venkatesan -- Defect-Induced Optical and Magnetic Properties of Colloidal Transparent Conducting Oxide Nanocrystals / Pavle V Radovanovic -- Ferroelectrics. Structure-Property Correlations in Rare-Earth-Substituted BiFeO Epitaxial Thin Films at the Morphotropic Phase Boundary / Daisuke Kan, Ching-Jung Cheng, Valanoor Nagarajan, Ichiro Takeuchi -- Antiferroelectricity in Oxides: A Reexamination / Karin M Rabe -- Multiferroics. Probing Nanoscale Electronic Conduction in Complex Oxides / Jan Seidel, Ramamoorthy Ramesh -- Multiferroics with Magnetoelectric Coupling / Umesh V Waghmare -- Interfaces and Magnetism. Device Aspects of the SrTiO-LaAlO Interface; Basic Properties, Mobility, Nanostructuring, and Potential Applications / Hans Hilgenkamp -- X-Ray Spectroscopic Studies of Conducting Interfaces between Two Insulating Oxides / Hiroki Wadati, Atsushi Fujimori -- Interfacial Coupling between Oxide Superconductors and Ferromagnets / Mark G Blamire, Jason W A Robinson, Mehmet Egilmez -- Devices and Applications. Metal-Oxide Nanoparticles for Dye-Sensitized Solar Cells / Frédéric Sauvage, Mohammad K Nazeeruddin, Michael Grätzel -- Hybrid Solar Cells from Ordered Nanostructures / Jonas Weickert, Lukas Schmidt-Mende -- Electric Field Effects in Functional Metal Oxides / Lily Mandal, Weinan Lin, James Lourembam, Satishchandra Ogale, Tom Wu -- Resistive Switchings in Transition-Metal Oxides / Isao H Inoue, Akihito Sawa.
650 0 _aMetallic oxides.
650 0 _aMetallic oxides
_xProperties.
650 0 _aMetallic oxides
_xIndustrial applications.
650 7 _aMetalloxide
_2gnd
650 7 _aPhysikalische Eigenschaft
_2gnd
700 1 _aOgale, Satischandra B.,
_eeditor of compilation.
700 1 _aVenkatesan, T.,
_eeditor of compilation.
700 1 _aBlamire, Mark G.,
_eeditor of compilation.
906 _a7
_bcbc
_ccopycat
_d2
_encip
_f20
_gy-gencatlg
942 _2ddc
_cBK
999 _c355776
_d355776